Study on cholera of hybrid meat chicken and their antibodies by using HA and HI-Test at chealea village, chea lea commune, batheay district, kampong cham province; សិក្សាលើជំងឺអាសន្នរោគរបស់មាន់សាច់កូនកាត់ និងអងើទីគ័ររបស់វាតាមរយ: HA និង HI-Test នៅភូមិជាលា ឃុំជាលា ស្រុកបាធាយ ខេត្តកំពង់ចាម (Record no. 7068)

000 -LEADER
fixed length control field 00875nam a22001337a 4500
040 ## - CATALOGING SOURCE
Transcribing agency RUA
082 ## - DEWEY DECIMAL CLASSIFICATION NUMBER
Classification number VEM TOE 2014 B434 Or.1
100 ## - MAIN ENTRY--AUTHOR NAME
Personal name TOENG SOPHEN; ទឹម សុភីន
245 ## - TITLE STATEMENT
Title Study on cholera of hybrid meat chicken and their antibodies by using HA and HI-Test at chealea village, chea lea commune, batheay district, kampong cham province; សិក្សាលើជំងឺអាសន្នរោគរបស់មាន់សាច់កូនកាត់ និងអងើទីគ័ររបស់វាតាមរយ: HA និង HI-Test នៅភូមិជាលា ឃុំជាលា ស្រុកបាធាយ ខេត្តកំពង់ចាម
260 ## - PUBLICATION, DISTRIBUTION, ETC. (IMPRINT)
Place of publication Phnom Penh
Name of publisher RUA
Year of publication 2014
300 ## - PHYSICAL DESCRIPTION
Number of Pages x;37p.
Other physical details ill.
Dimensions 29cm.
856 ## - ELECTRONIC LOCATION AND ACCESS
Uniform Resource Identifier https://drive.google.com/file/d/1e_To_yCTLMNdCSDfpCtx3TC0YbgAL_NM/view?usp=sharing
942 ## - ADDED ENTRY ELEMENTS (KOHA)
Koha item type VEM
952 ## - LOCATION AND ITEM INFORMATION (KOHA)
Withdrawn status [LOCAL, KOHA] 0
952 ## - LOCATION AND ITEM INFORMATION (KOHA)
Withdrawn status [LOCAL, KOHA] 0
952 ## - LOCATION AND ITEM INFORMATION (KOHA)
Withdrawn status [LOCAL, KOHA] 0
952 ## - LOCATION AND ITEM INFORMATION (KOHA)
Withdrawn status [LOCAL, KOHA] 0
952 ## - LOCATION AND ITEM INFORMATION (KOHA)
Withdrawn status [LOCAL, KOHA] 0
952 ## - LOCATION AND ITEM INFORMATION (KOHA)
Withdrawn status [LOCAL, KOHA] 0
952 ## - LOCATION AND ITEM INFORMATION (KOHA)
Withdrawn status [LOCAL, KOHA] 0
952 ## - LOCATION AND ITEM INFORMATION (KOHA)
Withdrawn status [LOCAL, KOHA] 0
Holdings
Permanent Location Date acquired Koha item type Lost status Shelving location Barcode Current Location Full call number
Library Block B2016-02-25VEM B434RUA052809Library Block BVEM TOE 2014 B434 Or.1
Library Block B2016-02-25VEM B434RUA052749Library Block BVEM TOE 2014 B434 Or.2
Library Block B2016-02-25VEM B434RUA052810Library Block BVEM TOE 2014 B434 Or.3
Library Block B2016-02-25VEM B434RUA052750Library Block BVEM TOE 2014 B434 Or.4
Library Block B2016-02-25VEM B434RUA053046Library Block BVEM TOE 2014 B434 Or.5
Library Block B2016-02-25VEM B434RUA052872Library Block BVEM TOE 2014 B434 Or.6
Library Block B2016-02-25VEM B434RUA052812Library Block BVEM TOE 2014 B434 Or.7
Library Block B2016-02-25VEM B434RUA052752Library Block BVEM TOE 2014 B434 Or.8
មជ្ឈមណ្ឌលឯការនៃសាកលវិទ្យាល័យភូមិន្ទកសិកម្មចំការដូង

Powered by Koha